Financing government / (Registro nro. 3695)

Detalles MARC
000 -LEADER
fixed length control field 00808nam a2200217Ia 4500
003 - CONTROL NUMBER IDENTIFIER
control field OSt
005 - DATE AND TIME OF LATEST TRANSACTION
control field 20200708183603.0
008 - FIXED-LENGTH DATA ELEMENTS--GENERAL INFORMATION
fixed length control field 191128s1954 eu ad fr 000 0 eng d
040 ## - CATALOGING SOURCE
Original cataloging agency CO-JMCR
Transcribing agency CO-JMCR
041 0# - LANGUAGE CODE
Language code of text/sound track or separate title eng
082 04 - DEWEY DECIMAL CLASSIFICATION NUMBER
Classification number 336.73 /
Item number G884f
Edition number 23
100 1# - MAIN ENTRY--PERSONAL NAME
Personal name Groves, Harold Martin,
Relator term autor
9 (RLIN) 6898
245 10 - TITLE STATEMENT
Title Financing government /
Statement of responsibility, etc. Harold M. Groves
250 ## - EDITION STATEMENT
Edition statement Sexta edición
260 ## - PUBLICATION, DISTRIBUTION, ETC.
Place of publication, distribution, etc. New York :
Name of publisher, distributor, etc. Henry Holt,
Date of publication, distribution, etc. 1954
300 ## - PHYSICAL DESCRIPTION
Extent 618 Páginas :
Other physical details gráficos a blanco y negro ;
Dimensions 24 cm.
505 0# - FORMATTED CONTENTS NOTE
Formatted contents note Nature and Setting of public finance -- Distribution of governmental Burdens --The general propetry tax-nature and criticism -- The general property tax-administration
650 14 - SUBJECT ADDED ENTRY--TOPICAL TERM
Topical term or geographic name entry element Finanzas
Geographic subdivision Estados Unidos
9 (RLIN) 6899
650 14 - SUBJECT ADDED ENTRY--TOPICAL TERM
Topical term or geographic name entry element Impuestos
Geographic subdivision Estados Unidos
9 (RLIN) 6900
942 ## - ADDED ENTRY ELEMENTS (KOHA)
Source of classification or shelving scheme Dewey Decimal Classification
Koha item type Books
Existencias
Withdrawn status Lost status Source of classification or shelving scheme Damaged status Not for loan Home library Current library Date acquired Source of acquisition Full call number Barcode Date last seen Copy number Koha item type
    Dewey Decimal Classification     Biblioteca Pública José María del Castillo y Rada Biblioteca Pública José María del Castillo y Rada 07/25/2018 Donación 336.73 / G884f 201807681 05/16/2024 Ej.1 Books